<?xml version="1.0" encoding="UTF-8"?>
<marc:record xmlns:marc="http://www.loc.gov/MARC21/slim">
   <marc:leader>00000nam a2200000 a 4500</marc:leader>
   <marc:datafield ind1="1" ind2=" " tag="100">
      <marc:subfield code="a">Kauss, Uwe</marc:subfield>
      <marc:subfield code="4">aut</marc:subfield>
      <marc:subfield code="e">Verfasser/-in</marc:subfield>
   </marc:datafield>
   <marc:datafield ind1=" " ind2=" " tag="653">
      <marc:subfield code="a">Geld</marc:subfield>
   </marc:datafield>
   <marc:datafield ind1=" " ind2=" " tag="653">
      <marc:subfield code="a">Kindersachbuch</marc:subfield>
   </marc:datafield>
   <marc:datafield ind1="0" ind2="0" tag="245">
      <marc:subfield code="a">Wie kommt das Geld in die Welt?</marc:subfield>
   </marc:datafield>
   <marc:datafield ind1="0" ind2="0" tag="245">
      <marc:subfield code="b">die Reportage für Kinder und alle, die es wissen wollen</marc:subfield>
   </marc:datafield>
   <marc:datafield ind1="0" ind2="0" tag="245">
      <marc:subfield code="c">Uwe Kauss</marc:subfield>
   </marc:datafield>
   <marc:datafield ind1=" " ind2="1" tag="264">
      <marc:subfield code="a">Frankfurt am Main</marc:subfield>
      <marc:subfield code="b">Baumhaus-Verl.</marc:subfield>
      <marc:subfield code="c">2006</marc:subfield>
   </marc:datafield>
   <marc:datafield ind1="1" ind2=" " tag="490">
      <marc:subfield code="a">Willi wills wissen</marc:subfield>
      <marc:subfield code="v">5</marc:subfield>
   </marc:datafield>
   <marc:datafield ind1="1" ind2=" " tag="520">
      <marc:subfield code="a">Über die ersten Zahlungsmittel bis zum Euro berichtet dieser Foto-Text-Band. Alltagstaugliche Infos runden die Darstellung ab, z.B. wie Geldautomaten oder bargeldloses Einkaufen funktionieren. Um es gleich vorweg zu sagen: Die Bücher zur Kinder-TV-Serie mit Kultpotenzial werden sicher alles andere als Regalhüter. Aus Sicht vom immer lustigen Journalisten Willi werden Besuche bei unterschiedlichen Menschen und deren Alltag geschildert. Auf der Internetseite der ARD erfährt man, dass Willi Weitzel nie genau wusste, was er eigentlich werden sollte, und dass er durch seine Journalistentätigkeit jetzt endlich mal in alle Berufe hineinschnuppern kann. Ein Konzept, das aufgeht. Im vorliegenden Band dreht sich alles um das Geld. Die geschichtliche Entwicklung von Zahlungsmitteln wird ausführlich thematisiert, bevor der Euro mit seinen Sicherheitsmerkmalen und die Aufgaben der Banken im Mittelpunkt stehen. Ganz praktisch und alltagsbezogen wird es, wenn erklärt wird, wie das Geld in die Automaten hinein- und wieder hinauskommt, wie man ein Konto eröffnet oder wie das bargeldlose Bezahlen funktioniert. Andere Bücher (z.B. "Was ist was - Geld") behandeln dies nur am Rande. Daher neben "Kosmos-Uni für Kinder - Vom Geld" empfohlen.</marc:subfield>
   </marc:datafield>
   <marc:datafield ind1=" " ind2=" " tag="020">
      <marc:subfield code="a">9783833927041</marc:subfield>
      <marc:subfield code="9">9783833927041</marc:subfield>
   </marc:datafield>
   <marc:datafield ind1=" " ind2=" " tag="041">
      <marc:subfield code="a">ger</marc:subfield>
   </marc:datafield>
   <marc:datafield ind1=" " ind2=" " tag="300">
      <marc:subfield code="b">zahlr. III. </marc:subfield>
   </marc:datafield>
   <marc:datafield ind1="1" ind2=" " tag="521">
      <marc:subfield code="a">0</marc:subfield>
   </marc:datafield>
   <marc:datafield ind1=" " ind2=" " tag="300">
      <marc:subfield code="a">45 S.</marc:subfield>
   </marc:datafield>
</marc:record>
